Políticas educacionales en el cambio de siglo: La reforma del sistema escolar de Chile

Uloženo v:
Podrobná bibliografie
Hlavní autor: Cox, Cristián (Autor)
Médium: Kniha
Jazyk:španělština
Vydáno: Santiago Universitaria 2005
Vydání:2a. ed
Témata:
Tagy: Přidat tag
Žádné tagy, Buďte první, kdo vytvoří štítek k tomuto záznamu!

MARC

LEADER 00000cam a2200000 a 4500
001 UCH2633
003 CL-VaPUC
008 090618e20051200CL |||||||||||||||||spa|d
020 |a 9561118025 
082 0 4 |a 379.983  |b COX  |2 21 
100 0 |a Cox, Cristián  |e author  |9 537596 
245 1 0 |a Políticas educacionales en el cambio de siglo: La reforma del sistema escolar de Chile 
250 |a 2a. ed 
300 |a 705 p 
942 |c BK 
945 |d 20090618 00:00:00  |a dcastane 
260 |a Santiago  |b Universitaria  |c 2005 
650 0 |a Estado y educación   |9 311264 
650 0 |a Planificación del currículo  |9 269599 
650 7 |a REFORMA EDUCACIONAL CHILENA  |2 CL-VaPUC  |9 463364 
650 0 |a Política educacional  |9 308011 
651 7 |a CHILE  |2 CL-VaPUC  |9 537597 
583 |a last modification  |c 20120914 12:42:40  |k Rodrigo Vera 
999 |c 334355  |d 334353 
952 |0 0  |1 0  |4 0  |6 379_983000000000000_COX_2005  |7 0  |8 A  |9 423332  |a BIBEDU  |b BIBEDU  |d 2019-11-22  |i 4563573  |o 379.983 COX 2005  |p 4563573  |r 2019-11-22  |w 2019-11-22  |y BK  |k PAR 
952 |0 0  |1 0  |4 0  |6 379_983000000000000_COX_2005  |7 0  |8 A  |9 423333  |a BIBHIS  |b BIBHIS  |d 2019-11-22  |i 4885252  |o 379.983 COX 2005  |p 4885252  |r 2025-01-20  |w 2019-11-22  |y BK  |k HIS